I Click Dead People Quiz Stats

 Plays Quiz Updated Mar 8, 2017

Support Sporcle.
Go Orange.
Score 0/25 Timer 06:00
2 Plays Today
% Correct
Jack Dawson [Titanic]
95.4%
Adolf Hitler [Inglourious Basterds]
89.7%
Bill [Kill Bill: Vol. 2]
88.6%
Dr. Malcolm Crowe [The Sixth Sense]
88.4%
William Wallace [Braveheart]
85.1%
Maximus [Gladiator]
83.4%
Luca Brasi [The Godfather]
82.3%
Butch Cassidy [Butch Cassidy and the Sundance Kid]
81.7%
Thelma [Thelma & Louise]
80.4%
John Doe [Se7en]
78.2%
Gollum [The Return of the King]
78%
Lester Burnham [American Beauty]
73.8%
Billy Costigan [The Departed]
73.5%
% Correct
Maggie Fitzgerald [Million Dollar Baby]
73.3%
Captain Quint [Jaws]
73.2%
V [V For Vendetta]
71.8%
Vincent Vega [Pulp Fiction]
70.8%
Walt Kowalski [Gran Torino]
67.4%
Sergeant Elias [Platoon]
66%
Nick [The Deer Hunter]
64.8%
Satine [Moulin Rouge!]
62.6%
Li Mu Bai [Crouching Tiger Hidden Dragon]
62.5%
Tony Wycek [West Side Story]
62.5%
Little Bill Daggett [Unforgiven]
58.5%
Léon [Léon:The Professional]
57.6%

You're not logged in!

Compare scores with friends on all Sporcle quizzes.
OR
Log In
Forgot?

From the Vault

Trivia Triangles: American Sports Teams

by bhenderson79

The triangle is one of the most stable shapes, which is why it's good for sports.
Remove Ads.
Support Sporcle.
Get the best of Sporcle when you Go Orange. This ad-free experience offers more features, more stats, and more fun while also helping to support Sporcle. Thank you for becoming a member.

Show Comments

Extras

Top Quizzes Today


Score Distribution

Your Account Isn't Verified!

In order to create a playlist on Sporcle, you need to verify the email address you used during registration. Go to your Sporcle Settings to finish the process.

Report this User

Report this user for behavior that violates our Community Guidelines.

Details: